[Event "Lichtenberger Sommer 2019"]
[Site "Berlin"]
[Date "2019.08.17"]
[Round "1.54"]
[White "Doraszelski, Alexander"]
[Black "Rogozenco, Teodora"]
[Result "0-1"]
[WhiteElo "1649"]
[BlackElo "1974"]
[PlyCount "83"]
[EventDate "2019.??.??"]
[WhiteTeam "SV Empor Berlin"]
[BlackTeam "Hamburger SK"]

1. e4 d6 2. d4 Nf6 3. Nc3 e5 4. Nf3 Nbd7 5. Be3 Be7 6. h3 c6 7. a4 O-O 8. Bc4
b6 9. O-O Bb7 10. Bb3 a6 11. a5 b5 12. dxe5 dxe5 13. Qd3 Qc7 14. Nh4 Nc5 15.
Bxc5 Bxc5 16. Rfe1 Rad8 17. Qg3 Bc8 18. Nf5 g6 19. Qg5 Ne8 20. Nh6+ Kg7 21.
Nf5+ Kh8 22. Nh6 f6 23. Qh4 Ng7 24. Nd1 Nh5 25. Ne3 Qe7 26. Rad1 Rxd1 27. Nxd1
Qe8 28. Ne3 Kg7 29. g4 Nf4 30. Kh2 Ne6 31. c3 Ng5 32. Kg2 Nxe4 33. Nhf5+ gxf5
34. Nxf5+ Bxf5 35. gxf5 Nd6 36. Qg4+ Kh8 37. f4 e4 38. Be6 e3 39. Kf3 Nf7 40.
b4 Ba7 41. Qh4 Nd8 42. Rxe3 0-1

[Event "Lichtenberger Sommer 2019"]
[Site "Berlin"]
[Date "2019.08.17"]
[Round "1.55"]
[White "Groot, Patrick"]
[Black "Reck, Jessica"]
[Result "1/2-1/2"]
[WhiteElo "1971"]
[BlackElo "1649"]
[PlyCount "52"]
[EventDate "2019.??.??"]
[WhiteTeam "SF 1903 Berlin"]
[BlackTeam "SK König Tegel"]

1. d4 b6 2. c4 Bb7 3. Nf3 e6 4. Nc3 f5 5. g3 Nf6 6. Bg2 Be7 7. O-O O-O 8. b3
Ne4 9. Bb2 Bf6 10. Qc2 Nxc3 11. Bxc3 d6 12. Rfd1 Qe7 13. Rac1 Nd7 14. b4 Rad8
15. c5 Bd5 16. Ne1 Bxg2 17. Kxg2 e5 18. dxe5 dxe5 19. c6 Bg5 20. Bd2 Bxd2 21.
Rxd2 Nf6 22. Rcd1 Rxd2 23. Qxd2 e4 24. e3 Qe6 25. b5 Qc4 26. Rb1 Qd5 1/2-1/2

[Event "Lichtenberger Sommer 2019"]
[Site "Berlin"]
[Date "2019.08.17"]
[Round "1.56"]
[White "Ho, Ngoc Hai-Dang"]
[Black "Schulz, Olaf"]
[Result "0-1"]
[WhiteElo "1642"]
[BlackElo "1957"]
[PlyCount "70"]
[EventDate "2019.??.??"]
[WhiteTeam "SV Mattnetz Berlin"]

1. e4 c6 2. d4 d5 3. exd5 cxd5 4. Bd3 Nc6 5. Nf3 Bg4 6. c3 Qc7 7. h3 Bxf3 8.
Qxf3 Nxd4 9. Qxd5 Rd8 10. Bb5+ Nxb5 11. Qxb5+ Rd7 12. O-O e6 13. Rd1 Bd6 14.
Be3 Ne7 15. Nd2 a6 16. Qb3 Nd5 17. Bd4 O-O 18. Ne4 Be7 19. c4 Nf4 20. Bb6 Rxd1+
21. Rxd1 Qc6 22. f3 f5 23. Nf2 Rc8 24. Be3 Ne2+ 25. Kh1 f4 26. Bd2 Qxc4 27.
Qxc4 Rxc4 28. Re1 Ng3+ 29. Kh2 g5 30. Rxe6 Nf1+ 31. Kg1 Nxd2 32. Rxe7 Rc1+ 33.
Kh2 Nf1+ 34. Kg1 Ng3+ 35. Kh2 Rf1 0-1

[Event "Lichtenberger Sommer 2019"]
[Site "Berlin"]
[Date "2019.08.17"]
[Round "1.57"]
[White "Kutschke, Jens"]
[Black "Krawatzki, Armin"]
[Result "1-0"]
[WhiteElo "1953"]
[BlackElo "1637"]
[PlyCount "91"]
[EventDate "2019.??.??"]
[WhiteTeam "SF 1903 Berlin"]
[BlackTeam "Läufer Reinickendorf"]

1. e4 e6 2. d4 d5 3. exd5 exd5 4. Bd3 Nc6 5. c3 Bd6 6. Nf3 Nge7 7. O-O Bg4 8.
h3 Bh5 9. Re1 Qd7 10. Nbd2 O-O-O 11. b4 Rde8 12. b5 Nd8 13. Qa4 Kb8 14. Ne5
Bxe5 15. dxe5 Bg6 16. Be2 Nc8 17. f4 Nb6 18. Qb4 Qe7 19. Qxe7 Rxe7 20. a4 Ne6
21. a5 Nc8 22. Nb3 Rd8 23. Nd4 Be4 24. Kf2 h6 25. Bf3 Bxf3 26. Kxf3 g6 27. g4
Ree8 28. Ba3 g5 29. Nxe6 Rxe6 30. f5 Ree8 31. Rad1 c6 32. bxc6 bxc6 33. Bc5 a6
34. Rb1+ Ka8 35. Rb4 Na7 36. Bxa7 Kxa7 37. Rb6 Rb8 38. Rxc6 Rb5 39. Rc7+ Rb7
40. Rc6 Reb8 41. e6 fxe6 42. Rexe6 Rb3 43. Rxa6+ Kb7 44. Rab6+ Rxb6 45. Rxb6+
Kc7 46. Rxb8 1-0

[Event "Lichtenberger Sommer 2019"]
[Site "Berlin"]
[Date "2019.08.17"]
[Round "1.58"]
[White "Nguyen, Phuc Nhat"]
[Black "Schmidt, Fabian"]
[Result "0-1"]
[WhiteElo "1599"]
[BlackElo "1952"]
[PlyCount "40"]
[EventDate "2019.??.??"]
[WhiteTeam "SC Zugzwang 95 (Berlin)"]
[BlackTeam "Königsjäger Süd-West"]

1. e4 e5 2. Nf3 Nc6 3. Bc4 Bc5 4. d3 Nf6 5. Nc3 d6 6. Na4 Bb6 7. Nxb6 axb6 8.
a3 Be6 9. Bb5 O-O 10. h3 Na7 11. Bc4 Bxc4 12. dxc4 Nxe4 13. O-O Nc6 14. Re1 Nc5
15. Ng5 h6 16. Ne4 Ne6 17. Qh5 f5 18. Qg6 Qe8 19. Qxe8 Rfxe8 20. Ng3 Ned4 0-1

[Event "Lichtenberger Sommer 2019"]
[Site "Berlin"]
[Date "2019.08.17"]
[Round "1.59"]
[White "Barwich, Andreas"]
[Black "Wahner, Eberhard"]
[Result "1/2-1/2"]
[WhiteElo "1951"]
[BlackElo "1592"]
[PlyCount "35"]
[EventDate "2019.??.??"]
[WhiteTeam "SV Berolina Mitte"]
[BlackTeam "SC Eintracht Berlin"]

1. e4 e6 2. d4 d5 3. exd5 exd5 4. Bd3 Nf6 5. Nf3 Bd6 6. O-O O-O 7. h3 h6 8. c3
Re8 9. Re1 Rxe1+ 10. Qxe1 Be6 11. Ne5 c5 12. Be3 cxd4 13. Bxd4 Nc6 14. Nxc6
bxc6 15. Qe3 a5 16. Nd2 Rc8 17. Nb3 Nd7 18. Nc5 1/2-1/2

[Event "Lichtenberger Sommer 2019"]
[Site "Berlin"]
[Date "2019.08.17"]
[Round "1.60"]
[White "Mueller, Jörg René"]
[Black "Bauder, Herbert"]
[Result "1/2-1/2"]
[WhiteElo "1590"]
[BlackElo "1947"]
[PlyCount "88"]
[EventDate "2019.??.??"]
[WhiteTeam "SC Zugzwang 95 (Berlin)"]
[BlackTeam "Lasker Steglitz-Wilmersdorf"]

1. c4 c5 2. g3 Nc6 3. Bg2 g6 4. Nf3 Bg7 5. O-O e5 6. e4 d6 7. Nc3 Nge7 8. Re1
O-O 9. d3 a6 10. a3 Rb8 11. Bg5 h6 12. Be3 Nd4 13. Bxd4 cxd4 14. Na2 b5 15.
cxb5 Rxb5 16. Re2 Be6 17. b4 Rb6 18. Rb1 Qb8 19. Reb2 Rc8 20. Rc1 Rxc1 21. Nxc1
a5 22. Qa4 axb4 23. Rxb4 Rxb4 24. axb4 Nc8 25. Nd2 Qc7 26. Ne2 Bf6 27. f4 Bd7
28. Qa3 Nb6 29. h3 Qc2 30. Qc1 Qxc1+ 31. Nxc1 Bb5 32. Bf1 Kf8 33. Kf2 Ke7 34.
Kf3 Na4 35. Nc4 Nc3 36. h4 exf4 37. Kxf4 g5+ 38. Kg4 gxh4 39. gxh4 Ba4 40. Kg3
Bb5 41. Kg4 Ba4 42. Kg3 Nd1 43. Nb6 Bc6 44. Nc4 Nc3 1/2-1/2

[Event "Lichtenberger Sommer 2019"]
[Site "Berlin"]
[Date "2019.08.17"]
[Round "1.61"]
[White "Patzenhauer, Max"]
[Black "Ellert, Stefan"]
[Result "1-0"]
[WhiteElo "1945"]
[BlackElo "1580"]
[PlyCount "43"]
[EventDate "2019.??.??"]
[WhiteTeam "SV Motor Wildau"]
[BlackTeam "SV Empor Berlin"]

1. d4 Nf6 2. Nf3 c6 3. e3 d5 4. Bd3 e6 5. Nbd2 Bd6 6. b3 Nbd7 7. Bb2 O-O 8. Ne5
Qc7 9. f4 c5 10. O-O Nb6 11. Qe2 Bd7 12. Rf3 Bc6 13. dxc5 Bxc5 14. Nxc6 bxc6
15. Bxf6 gxf6 16. Bxh7+ Kh8 17. Rh3 Qxf4 18. Rf1 Bxe3+ 19. Rxe3 Qd4 20. c3 Qc5
21. b4 Qd6 22. Qh5 1-0

[Event "Lichtenberger Sommer 2019"]
[Site "Berlin"]
[Date "2019.08.17"]
[Round "1.62"]
[White "Heinrich, Bert"]
[Black "Matitschka, Heinz"]
[Result "0-1"]
[WhiteElo "1575"]
[BlackElo "1930"]
[PlyCount "70"]
[EventDate "2019.??.??"]
[WhiteTeam "RW Neuenhagen"]
[BlackTeam "TSG Oberschöneweide"]

1. d4 Nf6 2. f3 d5 3. Nc3 e6 4. e4 Bb4 5. Bg5 h6 6. Bb5+ c6 7. Bxf6 Qxf6 8. e5
Qg5 9. Bf1 c5 10. a3 Ba5 11. Bb5+ Bd7 12. Bxd7+ Nxd7 13. Kf1 cxd4 14. Qxd4 Bb6
15. Qd1 Nxe5 16. Nb5 Nc4 17. Qe2 Ne3+ 18. Ke1 Nxg2+ 19. Kf1 Ne3+ 20. Ke1 O-O
21. Nh3 Qh4+ 22. Nf2 Rac8 23. c3 Nc4 24. Rd1 Qxf2+ 25. Qxf2 Bxf2+ 26. Kxf2 Nxb2
27. Rb1 Nd3+ 28. Ke3 Ne5 29. Rb3 Nc4+ 30. Ke2 a6 31. Nd4 Rc7 32. Rg1 Rfc8 33.
f4 Nd6 34. Kd3 Ne4 35. Rc1 Nc5+ 0-1

[Event "Lichtenberger Sommer 2019"]
[Site "Berlin"]
[Date "2019.08.17"]
[Round "1.63"]
[White "Schubert, Joachim"]
[Black "Timm, Christian"]
[Result "1-0"]
[WhiteElo "1923"]
[BlackElo "1573"]
[PlyCount "63"]
[EventDate "2019.??.??"]
[WhiteTeam "SC Friesen Lichtenberg"]
[BlackTeam "SV Herzberg"]

1. e4 c5 2. Nf3 e6 3. d4 cxd4 4. Nxd4 Be7 5. c3 Nc6 6. Be3 Nf6 7. Nd2 d6 8. Be2
O-O 9. O-O a6 10. Kh1 Qc7 11. f4 b5 12. a3 Bb7 13. Bf3 Rad8 14. Qe2 Nxd4 15.
Bxd4 e5 16. Be3 d5 17. fxe5 Qxe5 18. Bd4 Qe6 19. e5 Nd7 20. Bg4 Qc6 21. e6 fxe6
22. Bxe6+ Kh8 23. Rae1 Rxf1+ 24. Rxf1 Nf6 25. Bf5 Re8 26. Qd3 Ne4 27. Nxe4 dxe4
28. Qh3 h6 29. Bd7 Bc8 30. Bxc6 Bxh3 31. Bxe8 Be6 32. Bg6 1-0

[Event "Lichtenberger Sommer 2019"]
[Site "Berlin"]
[Date "2019.08.17"]
[Round "1.64"]
[White "Schiller, Stephan"]
[Black "Dittrich, Tom"]
[Result "1-0"]
[WhiteElo "1571"]
[BlackElo "1923"]
[PlyCount "63"]
[EventDate "2019.??.??"]
[WhiteTeam "SV Motor Wildau"]
[BlackTeam "SG Stadtilm"]

1. d4 Nf6 2. c4 g6 3. Nc3 Bg7 4. e4 d6 5. Nf3 O-O 6. Be2 Na6 7. O-O e5 8. dxe5
dxe5 9. Qc2 Qe7 10. Bg5 c6 11. a3 Nc7 12. Rad1 Bg4 13. h3 Bxf3 14. Bxf3 Ne6 15.
Be3 Nd7 16. b4 f5 17. exf5 gxf5 18. c5 e4 19. Be2 Ne5 20. f4 exf3 21. Bxf3
Nxf3+ 22. Rxf3 f4 23. Bf2 Ng5 24. Rfd3 f3 25. h4 Ne4 26. Re3 Bxc3 27. Rxe4 Qg7
28. g3 Be5 29. Qc4+ Kh8 30. Rxe5 Qxe5 31. Bd4 f2+ 32. Kf1 1-0

[Event "Lichtenberger Sommer 2019"]
[Site "Berlin"]
[Date "2019.08.17"]
[Round "1.65"]
[White "Scheide, Helmut"]
[Black "Wieczorek, Martin"]
[Result "1-0"]
[WhiteElo "1921"]
[BlackElo "1565"]
[PlyCount "45"]
[EventDate "2019.??.??"]
[WhiteTeam "USV Potsdam"]
[BlackTeam "SK Dessau 93"]

1. Nf3 e6 2. d4 f5 3. c4 Nf6 4. Nc3 Bb4 5. Qc2 O-O 6. g3 d5 7. e3 Bd7 8. a3 Be7
9. Ne5 Nc6 10. Nxd7 Qxd7 11. cxd5 exd5 12. Bd3 Ne4 13. Nxd5 Rae8 14. O-O Bd6
15. Nc3 Ng5 16. f4 Ne4 17. Nxe4 fxe4 18. Bxe4 h5 19. Bg6 Re7 20. Qc4+ Kh8 21.
Qd5 Bxf4 22. Qxd7 Bxe3+ 23. Bxe3 1-0

[Event "Lichtenberger Sommer 2019"]
[Site "Berlin"]
[Date "2019.08.17"]
[Round "1.66"]
[White "Theilig, Reinhard"]
[Black "Metzinger, Hannes"]
[Result "0-1"]
[WhiteElo "1560"]
[BlackElo "1917"]
[PlyCount "78"]
[EventDate "2019.??.??"]
[WhiteTeam "VfB Hermsdorf"]
[BlackTeam "SK Ottenau"]

1. Nf3 Nf6 2. c4 c5 3. g3 d5 4. cxd5 Nxd5 5. Bg2 Nc6 6. O-O e5 7. Nc3 Nc7 8. d3
Be7 9. b3 O-O 10. Bb2 f6 11. Rc1 Bd7 12. Na4 b6 13. Nd2 Rc8 14. a3 Ne6 15. Bd5
Kh8 16. Nc3 Re8 17. Bg2 Bf8 18. Nce4 Ned4 19. e3 Nb5 20. Nc3 Nxc3 21. Bxc3 Be6
22. Nc4 Re7 23. Be4 b5 24. Nb2 Qe8 25. Qf3 Bxb3 26. d4 Nxd4 27. exd4 exd4 28.
Bxd4 Rxe4 29. Bxf6 Bd5 30. Qf5 Bb7 31. Bc3 b4 32. axb4 cxb4 33. Bd2 Re2 34. Nc4
Qe4 35. Qxe4 Bxe4 36. Be3 Rc2 37. Rxc2 Bxc2 38. Ne5 b3 39. Bxa7 b2 0-1

[Event "Lichtenberger Sommer 2019"]
[Site "Berlin"]
[Date "2019.08.17"]
[Round "1.67"]
[White "Verbitsky, Jaroslaw"]
[Black "Andresen, Marc"]
[Result "1-0"]
[WhiteElo "1917"]
[BlackElo "1554"]
[PlyCount "135"]
[EventDate "2019.??.??"]
[WhiteTeam "SV Mattnetz Berlin"]
[BlackTeam "SC Falkensee"]

1. e4 e5 2. Nf3 Nc6 3. d4 exd4 4. Nxd4 Bc5 5. Be3 Qf6 6. c3 Nge7 7. Be2 O-O 8.
O-O d5 9. Nxc6 Qxc6 10. exd5 Nxd5 11. Bxc5 Qxc5 12. Nd2 c6 13. Bf3 Nf6 14. Nb3
Qb6 15. Qd6 Bf5 16. Qb4 Be4 17. Bxe4 Qxb4 18. cxb4 Nxe4 19. Na5 Rab8 20. Rfe1
Nf6 21. Re7 Nd5 22. Rxb7 Rxb7 23. Nxb7 Rb8 24. Na5 Nxb4 25. Rd1 g6 26. a3 Nc2
27. Nc4 c5 28. Rd7 Re8 29. f3 Re2 30. Rxa7 Ne3 31. Nxe3 Rxe3 32. Rb7 c4 33. Kf2
Re5 34. Rb4 Rc5 35. a4 c3 36. bxc3 Rxc3 37. a5 Rc2+ 38. Ke3 Ra2 39. Rb8+ Kg7
40. Rb5 Rxg2 41. h3 Ra2 42. Kd4 Ra3 43. Kc5 Rxf3 44. a6 Rxh3 45. a7 Ra3 46. Kb6
Rxa7 47. Kxa7 h5 48. Kb6 f5 49. Kc5 Kf6 50. Kd4 Kg5 51. Ke3 Kg4 52. Kf2 h4 53.
Rb3 g5 54. Kg2 Kh5 55. Rb5 Kg4 56. Kh2 Kf4 57. Kh3 Ke4 58. Rc5 Kf4 59. Rc8 Ke5
60. Rc6 Ke4 61. Rg6 g4+ 62. Kxh4 Kf3 63. Rg5 Kf4 64. Rh5 g3 65. Rg5 g2 66. Rxg2
Kf3 67. Rg5 Kf4 68. Rg8 1-0

[Event "Lichtenberger Sommer 2019"]
[Site "Berlin"]
[Date "2019.08.17"]
[Round "1.68"]
[White "Fricke, Janek Konrad"]
[Black "Bender, Sebastian"]
[Result "0-1"]
[WhiteElo "1536"]
[BlackElo "1911"]
[PlyCount "66"]
[EventDate "2019.??.??"]
[WhiteTeam "SV Empor Berlin"]
[BlackTeam "SC Zugzwang 95 (Berlin)"]

1. e4 c5 2. d4 cxd4 3. c3 d3 4. Bxd3 Nc6 5. c4 d6 6. Nf3 g6 7. Bd2 Bg7 8. Bc3
Nf6 9. O-O O-O 10. Nbd2 Qc7 11. Rc1 b6 12. Qe2 Nd7 13. Bxg7 Kxg7 14. h3 Nc5 15.
Bb1 e5 16. Rfd1 Ne6 17. Qe3 Nf4 18. Nb3 Qe7 19. Nfd4 Nxd4 20. Nxd4 Qf6 21. Ne2
Nxe2+ 22. Qxe2 Qe7 23. Rd2 Be6 24. Rcd1 Rfd8 25. Bc2 Rac8 26. Bb3 Rc5 27. Qd3
Qc7 28. Rc2 a5 29. a3 Qc6 30. Ba2 a4 31. f3 b5 32. cxb5 Qb6 33. Bxe6 Rd5+ 0-1

[Event "Lichtenberger Sommer 2019"]
[Site "Berlin"]
[Date "2019.08.17"]
[Round "1.69"]
[White "Landt, Stefan"]
[Black "Wilke, Hans-Peter"]
[Result "1-0"]
[WhiteElo "1910"]
[BlackElo "1523"]
[PlyCount "47"]
[EventDate "2019.??.??"]
[WhiteTeam "SC Kreuzberg"]
[BlackTeam "Läufer Reinickendorf"]

1. e4 c5 2. Nf3 d6 3. d4 cxd4 4. Nxd4 Nf6 5. Nc3 g6 6. Be2 Bg7 7. h4 Nc6 8. Be3
a6 9. a4 Qc7 10. g4 e5 11. Nb3 Rb8 12. g5 Nd7 13. Nd5 Qd8 14. a5 O-O 15. Qd2
Ne7 16. O-O-O Nc6 17. h5 Re8 18. hxg6 hxg6 19. Rh2 Nf8 20. Bb6 Qd7 21. Nf6+
Bxf6 22. gxf6 Qe6 23. Rh8+ Kxh8 24. Qh6+ 1-0

[Event "Lichtenberger Sommer 2019"]
[Site "Berlin"]
[Date "2019.08.17"]
[Round "1.70"]
[White "Caglar, Erdal"]
[Black "Zesewitz, Martin"]
[Result "0-1"]
[WhiteElo "1514"]
[BlackElo "1906"]
[PlyCount "79"]
[EventDate "2019.??.??"]
[WhiteTeam "SW Lichtenrade"]
[BlackTeam "SF Friedrichshagen"]

1. d4 f5 2. Bf4 Nf6 3. Nf3 e6 4. e3 b6 5. Be2 Bb7 6. O-O Be7 7. h3 O-O 8. Nbd2
h6 9. c3 c5 10. Ne5 Qe8 11. Bf3 d5 12. Re1 Nbd7 13. Nxd7 Qxd7 14. Nf1 b5 15.
Ng3 Kh7 16. Nh5 Nxh5 17. Bxh5 g6 18. Be2 b4 19. f3 a5 20. Qd2 Ba6 21. Rac1 Bxe2
22. Rxe2 c4 23. Rce1 Qb7 24. e4 g5 25. exf5 gxf4 26. Rxe6 Bh4 27. R1e5 bxc3 28.
Rxh6+ Kxh6 29. Qxf4+ Kg7 30. Qg4+ Kh8 31. Qxh4+ Qh7 32. Qxh7+ Kxh7 33. Re7+ Kg8
34. bxc3 Rxf5 35. Kf2 Rb8 36. g4 Rf7 37. Re5 Rb2+ 38. Kg3 Rxa2 39. Rxd5 Ra3 40.
h4 0-1

[Event "Lichtenberger Sommer 2019"]
[Site "Berlin"]
[Date "2019.08.17"]
[Round "1.71"]
[White "Schönberger, Kay"]
[Black "Nimptsch, Nikolas"]
[Result "1/2-1/2"]
[WhiteElo "1901"]
[BlackElo "1500"]
[PlyCount "61"]
[EventDate "2019.??.??"]
[WhiteTeam "SV Koblenz"]
[BlackTeam "Leegebrucher SF"]

1. d4 d5 2. c4 c6 3. Nf3 Nf6 4. Nc3 Bf5 5. cxd5 cxd5 6. Qb3 b6 7. Bf4 a6 8. Rc1
e6 9. e3 Nbd7 10. Nh4 Bg4 11. h3 Bh5 12. g4 Bg6 13. Nxg6 hxg6 14. Bg2 Be7 15.
O-O O-O 16. Rc2 Ne8 17. e4 dxe4 18. Nxe4 Ra7 19. Rfc1 Nef6 20. Bc7 Rxc7 21.
Rxc7 Nc5 22. Nxf6+ Bxf6 23. dxc5 Qxc7 24. Qxb6 Qf4 25. Rd1 Bd4 26. Rf1 Rb8 27.
Qxa6 Rxb2 28. Qa8+ Kh7 29. Qf3 Qxf3 30. Bxf3 Bxc5 31. a4 1/2-1/2

[Event "Lichtenberger Sommer 2019"]
[Site "Berlin"]
[Date "2019.08.17"]
[Round "1.72"]
[White "Kirves, Martin"]
[Black "Jaeger, Andre"]
[Result "0-1"]
[WhiteElo "1498"]
[BlackElo "1897"]
[PlyCount "52"]
[EventDate "2019.??.??"]
[WhiteTeam "BSC Rehberge"]
[BlackTeam "SC Rochade (Berlin)"]

1. d4 Nf6 2. c4 d6 3. Nf3 g6 4. Nc3 Bf5 5. Nh4 Bd7 6. e4 e5 7. d5 Nxe4 8. Nxe4
Qxh4 9. Ng3 Bg7 10. Be2 O-O 11. O-O f5 12. Rb1 a5 13. b3 Na6 14. Bb2 Nc5 15.
Re1 f4 16. Nf1 Ne4 17. f3 Qf2+ 18. Kh1 Nc5 19. Nd2 Rf5 20. Ne4 Qh4 21. Nxc5 Rh5
22. Kg1 Qxh2+ 23. Kf2 Qg3+ 24. Kg1 Rh2 25. Bf1 Qh4 26. g4 Qg3+ 0-1

[Event "Lichtenberger Sommer 2019"]
[Site "Berlin"]
[Date "2019.08.17"]
[Round "1.73"]
[White "Kraft, Tom"]
[Black "Fontaine, Constantin"]
[Result "1-0"]
[WhiteElo "1893"]
[BlackElo "1498"]
[PlyCount "99"]
[EventDate "2019.??.??"]
[WhiteTeam "SC Zugzwang 95 (Berlin)"]
[BlackTeam "SK Tempelhof 1931"]

1. d4 c5 2. d5 d6 3. e4 Nf6 4. Nc3 e6 5. Bg5 exd5 6. exd5 Be7 7. Bb5+ Nbd7 8.
Nf3 O-O 9. O-O a6 10. Bxd7 Bxd7 11. Re1 Bf5 12. Bxf6 Bxf6 13. Ne4 Re8 14. Nxf6+
Qxf6 15. c3 Be4 16. Re3 Rad8 17. Qd2 Rd7 18. Rae1 Rde7 19. Rd1 Bxf3 20. Rxf3
Qg5 21. h3 Qxd2 22. Rxd2 Re2 23. Rfd3 Re1+ 24. Kh2 c4 25. Rd4 R8e4 26. Rxe4
Rxe4 27. Kg3 f5 28. f3 Re3 29. Kf2 f4 30. Rd4 Rd3 31. Rxd3 cxd3 32. Ke1 Kf7 33.
Kd2 Kf6 34. Kxd3 Ke5 35. c4 b5 36. b3 h5 37. h4 b4 38. Kc2 Kd4 39. Kd2 a5 40.
Kc2 g6 41. Kd2 Kc5 42. Kd3 Kb6 43. Ke4 a4 44. Kxf4 axb3 45. axb3 Kc5 46. Ke4
Kb6 47. g4 g5 48. gxh5 gxh4 49. Kf4 h3 50. Kg3 1-0

[Event "Lichtenberger Sommer 2019"]
[Site "Berlin"]
[Date "2019.08.17"]
[Round "1.74"]
[White "Tschirschwitz, Stephan"]
[Black "Guder, Sibylle"]
[Result "0-1"]
[WhiteElo "1495"]
[BlackElo "1893"]
[PlyCount "104"]
[EventDate "2019.??.??"]
[WhiteTeam "Lasker Steglitz-Wilmersdorf"]
[BlackTeam "SF 1903 Berlin"]

1. d4 g6 2. c4 Bg7 3. e4 d6 4. Nc3 Nf6 5. Nf3 O-O 6. Bd3 Nbd7 7. O-O e5 8. dxe5
dxe5 9. Bc2 c6 10. b3 Qa5 11. Bb2 Rd8 12. Qe2 Nf8 13. Rfd1 Bg4 14. Qe3 Bxf3 15.
Qxf3 Ne6 16. Rxd8+ Rxd8 17. Bd3 Rd7 18. h3 Qd8 19. Rd1 Nc5 20. Bc2 Rxd1+ 21.
Nxd1 Nfxe4 22. Bxe4 Nxe4 23. Qxe4 Qxd1+ 24. Kh2 Qd6 25. f3 h5 26. Kg1 Kh7 27.
Qe2 f6 28. Bc1 a6 29. Be3 Bf8 30. Qc2 Be7 31. Kf2 Kg7 32. g4 hxg4 33. hxg4 Qd8
34. Kg2 Bb4 35. Qe2 Qd7 36. Kf1 Ba5 37. Qc2 f5 38. gxf5 Qxf5 39. Qxf5 gxf5 40.
Ke2 Kg6 41. Kd3 Kh5 42. a3 Bd8 43. c5 Kg6 44. b4 Kf6 45. Kc4 Ke6 46. a4 Bc7 47.
a5 Bd8 48. Kd3 Kd5 49. f4 e4+ 50. Kc3 Bf6+ 51. Kc2 Bd4 52. Bd2 Bf2 0-1

[Event "Lichtenberger Sommer 2019"]
[Site "Berlin"]
[Date "2019.08.17"]
[Round "1.75"]
[White "Baranowsky, Peter"]
[Black "Weber, Constanze"]
[Result "1-0"]
[WhiteElo "1889"]
[BlackElo "1490"]
[PlyCount "65"]
[EventDate "2019.??.??"]
[WhiteTeam "SF 1903 Berlin"]
[BlackTeam "SV Ruhrspringer"]

1. e4 c5 2. Nc3 Nc6 3. Bb5 g6 4. f4 Bg7 5. Nf3 a6 6. Bxc6 bxc6 7. d3 d6 8. O-O
Qb6 9. Kh1 Nf6 10. Qe1 O-O 11. f5 Rb8 12. Qh4 Nh5 13. g4 Bf6 14. Bg5 Ng7 15.
Bxf6 exf6 16. Qxf6 Qd8 17. Qxd8 Rxd8 18. Na4 Ne8 19. Kg2 Nf6 20. Kg3 Kg7 21. e5
Nd5 22. f6+ Kg8 23. h3 Ne3 24. Rf2 d5 25. b3 Rb5 26. Re2 d4 27. c3 Be6 28. c4
Ra5 29. Nd2 Nc2 30. Rd1 Ne3 31. Rc1 h6 32. Ne4 Bc8 33. Nexc5 1-0

[Event "Lichtenberger Sommer 2019"]
[Site "Berlin"]
[Date "2019.08.17"]
[Round "1.76"]
[White "Koerber, Bernhard"]
[Black "Fuchs, Dominik"]
[Result "0-1"]
[WhiteElo "1488"]
[BlackElo "1887"]
[PlyCount "34"]
[EventDate "2019.??.??"]
[WhiteTeam "Lasker Steglitz-Wilmersdorf"]
[BlackTeam "SC Zitadelle Spandau"]

1. e4 e5 2. Nf3 Nc6 3. Bb5 a6 4. Bxc6 dxc6 5. O-O Bg4 6. h3 h5 7. d3 Qf6 8. Bg5
Qg6 9. Nbd2 f6 10. Bh4 Bxh3 11. Bg5 Bg4 12. Bh4 O-O-O 13. Qb1 Qh6 14. Bg3 g5
15. b4 Be6 16. Ne1 h4 17. Bh2 g4 0-1

[Event "Lichtenberger Sommer 2019"]
[Site "Berlin"]
[Date "2019.08.17"]
[Round "1.78"]
[White "Ettel, Ralf"]
[Black "Alten, Silvio"]
[Result "0-1"]
[WhiteElo "1471"]
[BlackElo "1883"]
[PlyCount "50"]
[EventDate "2019.??.??"]
[WhiteTeam "SK König Tegel"]
[BlackTeam "SV Mattnetz Berlin"]

1. c4 Nf6 2. Nc3 c5 3. g3 Nc6 4. Bg2 e6 5. e4 d6 6. Nge2 Be7 7. O-O a6 8. d3
Bd7 9. Nf4 Qc7 10. Bd2 O-O 11. Re1 Rab8 12. a4 Nd4 13. Nce2 b5 14. Nxd4 cxd4
15. cxb5 axb5 16. a5 b4 17. Ne2 e5 18. f4 Qa7 19. Qb3 Rb5 20. Rec1 Rfb8 21. f5
Rxa5 22. Rxa5 Qxa5 23. Qc4 Bd8 24. Nf4 exf4 25. Qxd4 Bb6 0-1

[Event "Lichtenberger Sommer 2019"]
[Site "Berlin"]
[Date "2019.08.17"]
[Round "1.79"]
[White "Ahlers, Knut"]
[Black "Abraham, Helmut"]
[Result "1-0"]
[WhiteElo "1880"]
[BlackElo "1468"]
[PlyCount "53"]
[EventDate "2019.??.??"]
[WhiteTeam "SV Bargteheide"]
[BlackTeam "SC Kreuzberg"]

1. e4 c5 2. Nc3 d6 3. f4 Nf6 4. Nf3 a6 5. a4 Nc6 6. Bc4 Bg4 7. h3 Bxf3 8. Qxf3
Nd4 9. Qd1 e6 10. O-O Be7 11. d3 O-O 12. Ne2 Nd7 13. Ng3 Kh8 14. c3 Nc6 15. f5
Nce5 16. Ba2 Bh4 17. Bf4 Bxg3 18. Bxg3 exf5 19. Rxf5 Qe7 20. Qe2 Nb6 21. a5 Nc8
22. Raf1 b5 23. Bxe5 dxe5 24. Rxf7 Rxf7 25. Rxf7 Qd8 26. Qg4 Ra7 27. Qxg7# 1-0

[Event "Lichtenberger Sommer 2019"]
[Site "Berlin"]
[Date "2019.08.17"]
[Round "1.80"]
[White "Nareyek, Matthias"]
[Black "Muskewitz, Bernd"]
[Result "0-1"]
[WhiteElo "1448"]
[BlackElo "1879"]
[PlyCount "68"]
[EventDate "2019.??.??"]
[WhiteTeam "SV Empor Berlin"]
[BlackTeam "SF Nordost Berlin"]

1. Nf3 d5 2. g3 c5 3. Bg2 Nc6 4. O-O e5 5. d3 Nf6 6. Nbd2 h6 7. e4 Be6 8. Re1
d4 9. Nc4 Bd6 10. a4 O-O 11. Nfd2 Ne8 12. Qh5 Bc7 13. Qe2 Nd6 14. Nxd6 Bxd6 15.
Nf1 a6 16. f4 f6 17. f5 Bf7 18. h4 b5 19. Nh2 Qb6 20. Ng4 Rfc8 21. Nxf6+ gxf6
22. Qg4+ Kh7 23. Qe2 Qd8 24. Bf3 Qg8 25. Kf2 c4 26. g4 cxd3 27. cxd3 Be7 28. g5
fxg5 29. hxg5 Bxg5 30. Bxg5 Qxg5 31. Rg1 Qh4+ 32. Kf1 Rg8 33. Rc1 Rxg1+ 34.
Kxg1 Qg5+ 0-1

[Event "Lichtenberger Sommer 2019"]
[Site "Berlin"]
[Date "2019.08.17"]
[Round "1.81"]
[White "Willich, Manfred"]
[Black "Stark, Steven"]
[Result "1-0"]
[WhiteElo "1871"]
[BlackElo "1443"]
[PlyCount "59"]
[EventDate "2019.??.??"]
[WhiteTeam "SK Turm Bad Hersfeld"]
[BlackTeam "BSC Rehberge"]

1. d4 e6 2. Bf4 Be7 3. e3 d6 4. c4 Nf6 5. Nc3 O-O 6. Bd3 Bd7 7. h3 a6 8. Nf3
Bc6 9. e4 Ne8 10. O-O f6 11. d5 Bd7 12. dxe6 Bxe6 13. Nd4 Bf7 14. Rc1 Nd7 15.
Nd5 Bxd5 16. exd5 Rf7 17. Bf5 Nc5 18. b4 g6 19. Bb1 Nd7 20. Bh6 Qc8 21. h4 Ne5
22. Ne6 c6 23. f4 Nd7 24. h5 Bf8 25. hxg6 Re7 26. gxh7+ Rxh7 27. Qg4+ Ng7 28.
Bxh7+ Kxh7 29. Bxg7 Ne5 30. fxe5 1-0